|
|
|
|
| LEADER |
02270nam a2200421Ka 4500 |
| 001 |
bslw06333456 |
| 003 |
UtOrBLW |
| 005 |
20101115152719.0 |
| 006 |
m d |
| 007 |
cr un||||||||| |
| 008 |
101115s2004 enk o 001 0 eng d |
| 020 |
|
|
|a 9781849508254 (electronic bk.) :
|c £67.95 ; €99.95 ; $120.95
|
| 040 |
|
|
|a UtOrBLW
|c UtOrBLW
|d GrThAP
|
| 050 |
|
4 |
|a G155.A1
|b T68 2004
|
| 072 |
|
7 |
|a KNS
|2 bicssc
|
| 072 |
|
7 |
|a IND
|2 bicssc
|
| 072 |
|
7 |
|a BUS070000
|2 bisacsh
|
| 072 |
|
7 |
|a BUS041000
|2 bisacsh
|
| 080 |
|
|
|a 338.48
|
| 082 |
0 |
4 |
|a 338.4791
|2 22
|
| 245 |
0 |
0 |
|a Tourism, trade and national welfare
|h [electronic resource] /
|c edited by Pasquale M. Sgro.
|
| 260 |
|
|
|a Bingley, U.K. :
|b Emerald,
|c 2004.
|
| 300 |
|
|
|a 1 online resource (ix, 245 p.).
|
| 490 |
1 |
|
|a Contributions to economic analysis,
|x 0573-8555 ;
|v v. 265
|
| 500 |
|
|
|a Includes index.
|
| 505 |
0 |
|
|a Tourism and trade / Pasquale M. Sgro -- A two-sector general equilibrium model of a small open economy / Pasquale M. Sgro -- Tourism, illegal migrants and resident welfare / Pasquale M. Sgro -- Tourism in the generalized Harris-Todaro model and regional immiserization / Pasquale M. Sgro -- Tourism, increasing returns and welfare / Pasquale M. Sgro -- Tourism and growth in a dynamic model of trade / Pasquale M. Sgro -- Optimal growth and tourism / Pasquale M. Sgro -- Competition for tourism in the OECD countries / Pasquale M. Sgro -- Non-traded goods and tourism in the pure theory of trade / Pasquale M. Sgro -- Tourism, taxes and immiserization in a two-country trade model / Pasquale M. Sgro -- Price discrimination, tourism and welfare / Pasquale M. Sgro -- Tourism, guest workers and resident immiserization / Pasquale M. Sgro.
|
| 650 |
|
7 |
|a Business & Economics
|x Industries
|x General.
|2 bisacsh
|
| 650 |
|
7 |
|a Business & Economics
|x Management.
|2 bisacsh
|
| 650 |
|
7 |
|a Service industries.
|2 bicssc
|
| 650 |
|
0 |
|a Tourism.
|
| 650 |
|
0 |
|a Managerial economics.
|
| 650 |
|
0 |
|a Industrial organization (Economic theory)
|
| 700 |
1 |
|
|a Hazari, Bharat R.
|
| 700 |
1 |
|
|a Sgro, Pasquale M.
|
| 776 |
1 |
|
|z 9780444517074
|
| 830 |
|
0 |
|a Contributions to economic analysis ;
|v v. 265.
|
| 856 |
4 |
0 |
|u http://www.emeraldinsight.com/0573-8555/265
|z Full Text via HEAL-Link
|
| 913 |
|
|
|1 BMEbacklist
|